Profilaxis de la viruela (Record no. 166464)

MARC details
000 -LEADER
campo de control de longitud fija 00758nam a22001935i 4500
001 - NÚMERO DE CONTROL
campo de control 166464
003 - IDENTIFICADOR DE NÚMERO DE CONTROL
campo de control ES-MaACL
005 - FECHA Y HORA DE LA ÚLTIMA TRANSACCIÓN
campo de control 20230906213336.0
008 - DATOS DE LONGITUD FIJA--INFORMACIÓN GENERAL
campo de control de longitud fija 981002s1894 sp |||| | spa d
040 ## - FUENTE DE CATALOGACIÓN
Centro catalogador/agencia de origen GA
Lengua de catalogación spa
Centro/agencia transcriptor CCPB | 3D
100 1# - ENTRADA PRINCIPAL--NOMBRE DE PERSONA
Nombre de persona Torre y Sánchez Somoza, Casimiro.
9 (RLIN) 133309
245 10 - MENCIÓN DEL TÍTULO
Título Profilaxis de la viruela
Resto del título : vacuna /
Mención de responsabilidad, etc. tesis de doctorado por Casimiro de Torre S. Somoza.
260 ## - PUBLICACIÓN, DISTRIBUCIÓN, ETC.
Lugar de publicación, distribución, etc. Santiago :
Nombre del editor, distribuidor, etc. [s.n.],
Fecha de publicación, distribución, etc. 1884 (
Fabricante Estab. tip. de José M. Paredes)
300 ## - DESCRIPCIÓN FÍSICA
Extensión 31 p. ;
Dimensiones 24 cm.
500 #1 - NOTA GENERAL
Nota general Tesis-Universidade de Santiago de Compostela.
594 #1 - Nota al título y mención de responsabilidad
Nota al título y mención de responsabilidad Precede al tit. : Facultad de Medicina.
650 #4 - PUNTO DE ACCESO ADICIONAL DE MATERIA--TÉRMINO DE MATERIA
Término de materia o nombre geográfico como elemento de entrada Viruela.
9 (RLIN) 136988
852 ## - LOCALIZACIÓN
Ubicación ES-MaACL
Número de control de estantería T-836-F-1
Nota libre -- Enc. hol., conservando la cub. original
-- -- Enc. en un vol. facticio
Holdings
Estatus retirado Estado de pérdida Estado de daño No para préstamo Colección Biblioteca de origen Biblioteca actual Ubicación en estantería Fecha de adquisición Total de préstamos Signatura topográfica completa Código de barras Visto por última vez Precio de reemplazo Tipo de ítem Koha
        Colección de folletos Biblioteca del Ateneo de Madrid Biblioteca del Ateneo de Madrid Depósito folletos 17/01/2008   T-836-F-1 1174589 23/02/2023 23/02/2023 Folleto